000 00310nam a2200145Ia 4500
005 20260530142554.0
082 _a616.01
_bM13S
100 _aSOOD, SEEMA
245 _aMICROBIOLOGY FOR NURSES
250 _a3RD
260 _bELSEVIER
_aINDIA
_c2013
300 _a363
650 _aMICROBIOLOGY
942 _2ddc
_cBK
999 _c2146
_d2146